Most Matches in UEFA Competitions - Statistics

General Stats
  • This quiz has been taken 74 times
    22 since last reset
  • The average score is 15 of 27
Answer Stats
# Player Teams Nationality % Correct
197 Cristiano Ronaldo Sporting CP, Manchester United, Real Madrid, Juventus Portugal
100%
167 Lionel Messi Barcelona, PSG Argentina
100%
173 Luka Modric Dinamo Zagreb,Tottenham, Real Madrid Croatia
94%
188 Iker Casillas Real Madrid, Porto Spain
76%
159 Manuel Neuer Schalke 04, Bayern Munchen Germany
76%
167 Thomas Muller Bayern Munchen Germany
76%
164 Toni Kroos Bayern Munchen, Real Madrid Germany
76%
173 Xavi Barcelona Spain
76%
167 Gianluigi Buffon Parma, Juventus, PSG Italy
71%
157 Karim Benzema Lyon,Real Madrid France
71%
174 Paolo Maldini Milan Italy
65%
161 Raúl González Real Madrid, Schalke 04 Spain
65%
160 Robert Lewandowski Lech Poznan, Borussia Dortmund, Bayern Munchen, Barcelona Poland
65%
159 Ryan Giggs Manchester United Wales
65%
152 Sergio Ramos Sevilla, Real Madrid, PSG Spain
53%
153 Edin Džeko Željezničar, Teplice, Wolfsburg, Manchester City, Roma, Inter, Fenerbahçe Bosnia&Herzegovina
47%
192 Pepe Reina Barcelona, Villarreal, Liverpool, Napoli, Milan, Lazio Spain
41%
153 Angel Di Maria Benfica, Real Madrid, Manchester United, PSG, Juventus Argentina
35%
163 Clarence Seedorf Ajax, Real Madrid, Inter Milan Netherlands
35%
157 Henrikh Mkhitaryan Pyunik, Metalurh Donetsk, Shakhtar Donetsk, Borussia Dortmund, Manchester United, Arsenal, Roma, Inter Armenia
35%
160 Javier Zanetti Inter Argentina
35%
155 Dani Alves Sevilla, Barcelona, Juventus, PSG Brazil
29%
150 Zlatan Ibrahimovic Ajax, Juventus, Inter,Barcelona, Milan, PSG, Manchester United Sweden
29%
152 Ivan Rakitic Basel, Schalke, Sevilla, Barcelona, Hajduk Split Croatia
24%
151 Bribas Natcho Hapoel Tel-Aviv, Rubin Kazan, CSKA Moscow, Olympiakos, Partizan Belgrade Israel
6%
150 Jamie Carragher Liverpool England
6%
156 Joao Moutinho Sporting Lisboa, Porto, Monaco, Wolverhampton, Braga Portugal
6%
No matching quizzes found
Score Distribution
Percent of People with Each Score
Percentile by Number Answered
Your Score History
You have not taken this quiz since the last reset